[Event "Kemerovo-ch"]
[Site "Kemerovo"]
[Date "2014.04.13"]
[Round "4"]
[White "Karelov, Pavel"]
[Black "Zenkov, Gennadiy"]
[Result "0-1"]
[WhiteElo "1845"]
[BlackElo "2028"]
[PlyCount "128"]
[EventDate "2014.04.02"]
[EventType "swiss"]
[EventRounds "9"]
[EventCountry "RUS"]
[SourceTitle "CBM 160 Extra"]
[Source "ChessBase"]
[SourceDate "2014.07.01"]
[SourceVersion "1"]
[SourceVersionDate "2014.07.01"]
[SourceQuality "1"]

1. c4 e5 2. Nc3 Nf6 3. Nf3 Nc6 4. g3 d5 5. cxd5 Nxd5 6. Bg2 Nb6 7. d3 Be7 8. 0-0 Be6 9. b3 f6 10. Bb2 Qd7 11. Rc1 Bh3 12. Ne4 Bxg2 13. Kxg2 Rd8 14. Nc5 Bxc5 15. Rxc5 0-0 16. b4 a6 17. Qb3+ Qf7 18. Qxf7+ Rxf7 19. a3 Na4 20. Rc2 Nxb2 21. Rxb2 Nd4 22. Nxd4 Rxd4 23. Rc1 c6 24. a4 Rc7 25. Kf3 Kf7 26. Rb3 a5 27. Rc4 Rxc4 28. dxc4 axb4 29. Rxb4 Ke6 30. Ke3 Kd6 31. Kd3 Kc5 32. Kc3 b6 33. e3 Ra7 34. f3 Rd7 35. Rb1 f5 36. Rf1 g6 37. h4 e4 38. fxe4 fxe4 39. g4 Rd3+ 40. Kc2 Rxe3 41. Rf7 h5 42. gxh5 gxh5 43. Rf5+ Kxc4 44. Rxh5 Re2+ 45. Kd1 Ra2 46. a5 bxa5 47. Re5 c5 48. Ke1 Kd4 49. Re8 c4 50. Rd8+ Ke3 51. Kd1 c3 52. h5 Rh2 53. Rd5 a4 54. Ra5 a3 55. Rxa3 Kd3 56. Ke1 Rxh5 57. Ra8 Rh1+ 58. Kf2 c2 59. Rd8+ Kc3 60. Rc8+ Kb3 61. Rb8+ Ka4 62. Ra8+ Kb5 63. Rb8+ Ka6 64. Rc8 c1Q 0-1

[Event "Kemerovo Region-ch"]
[Site "Kemerovo"]
[Date "2013.10.20"]
[Round "4"]
[White "Zenkov, Gennadiy"]
[Black "Kuznecov, Stanislav"]
[Result "1-0"]
[WhiteElo "2033"]
[BlackElo "1791"]
[PlyCount "71"]
[EventDate "2013.10.18"]
[EventType "swiss"]
[EventRounds "9"]
[EventCountry "RUS"]
[SourceTitle "EXT 2014"]
[Source "ChessBase"]
[SourceDate "2013.11.20"]
[SourceVersion "1"]
[SourceVersionDate "2013.11.20"]
[SourceQuality "1"]

1. e4 c6 2. d4 d5 3. Nc3 dxe4 4. Nxe4 Bf5 5. Ng3 Bg6 6. h4 h6 7. Nf3 Nd7 8. Bd3 Bxd3 9. Qxd3 e6 10. Bd2 Ngf6 11. 0-0-0 Qc7 12. Kb1 0-0-0 13. Ne4 Be7 14. Nxf6 Bxf6 15. Qa3 Qb6 16. Ba5 Qa6 17. Bxd8 Qxa3 18. bxa3 Rxd8 19. c3 Nb6 20. Ne5 Bxe5 21. dxe5 Nc4 22. Rxd8+ Kxd8 23. f4 Nxa3+ 24. Kc1 Nc4 25. Re1 Nb6 26. Kc2 c5 27. h5 Ke7 28. Rb1 Kd7 29. Kd3 Kc6 30. c4 Nc8 31. g4 Ne7 32. Ke4 Kc7 33. f5 exf5+ 34. gxf5 g6 35. hxg6 fxg6 36. f6 1-0

[Event "Kemerovo Region-ch"]
[Site "Kemerovo"]
[Date "2013.10.19"]
[Round "3"]
[White "Akentjev, Oleg"]
[Black "Zenkov, Gennadiy"]
[Result "0-1"]
[WhiteElo "1827"]
[BlackElo "2033"]
[PlyCount "96"]
[EventDate "2013.10.18"]
[EventType "swiss"]
[EventRounds "9"]
[EventCountry "RUS"]
[SourceTitle "EXT 2014"]
[Source "ChessBase"]
[SourceDate "2013.11.20"]
[SourceVersion "1"]
[SourceVersionDate "2013.11.20"]
[SourceQuality "1"]

1. f4 d6 2. Nf3 Nf6 3. e3 c6 4. b3 g6 5. Bb2 Bg7 6. Be2 0-0 7. 0-0 b5 8. Qe1 Qd7 9. Nc3 Na6 10. a3 b4 11. axb4 Nxb4 12. Bd1 Nh5 13. Ba3 Nd5 14. d4 Nxc3 15. Qxc3 Nf6 16. Be2 Ne4 17. Qe1 c5 18. Rd1 Qc7 19. Bd3 Bb7 20. Bb2 a5 21. Qh4 f6 22. f5 gxf5 23. Qh5 e6 24. Bc4 d5 25. Bd3 c4 26. bxc4 dxc4 27. Bxe4 Bxe4 28. c3 Rfb8 29. Ba1 a4 30. Nd2 Bd5 31. Rf4 Qf7 32. Qh3 h6 33. e4 fxe4 34. Nxe4 Bxe4 35. Rxe4 f5 36. Re2 a3 37. Rde1 Ra6 38. Qg3 Rab6 39. Rxe6 a2 40. Re7 Qf6 41. Ra7 f4 42. Qf3 Rb1 43. Qd5+ Kh7 44. Qe4+ Qg6 45. Qxg6+ Kxg6 46. Rae7 Bf6 47. R7e6 R8b6 48. d5 Rxe6 0-1

[Event "Kemerovo Region-ch"]
[Site "Kemerovo"]
[Date "2013.10.18"]
[Round "1"]
[White "Smagina, Sofya"]
[Black "Zenkov, Gennadiy"]
[Result "0-1"]
[WhiteElo "1752"]
[BlackElo "2033"]
[PlyCount "122"]
[EventDate "2013.10.18"]
[EventType "swiss"]
[EventRounds "9"]
[EventCountry "RUS"]
[SourceTitle "EXT 2014"]
[Source "ChessBase"]
[SourceDate "2013.11.20"]
[SourceVersion "1"]
[SourceVersionDate "2013.11.20"]
[SourceQuality "1"]

1. Nf3 Nf6 2. c4 c5 3. Nc3 g6 4. g3 Bg7 5. Bg2 0-0 6. 0-0 Nc6 7. d4 cxd4 8. Nxd4 Ne5 9. Qb3 d6 10. f4 Ned7 11. f5 Ng4 12. e3 Nc5 13. Qd1 Ne5 14. fxg6 hxg6 15. b3 Bg4 16. Qd2 Qd7 17. Ba3 Bh3 18. Bxh3 Qxh3 19. Bxc5 dxc5 20. Ndb5 Rad8 21. Qe2 a6 22. Na3 Ng4 23. Rac1 Nxe3 24. Nd5 Nxd5 25. cxd5 Rxd5 26. Rcd1 Bd4+ 27. Kh1 Rh5 28. Qg2 Qxg2+ 29. Kxg2 e5 30. Nc4 b5 31. Nd6 f5 32. h3 Rh7 33. g4 Rd7 34. Nxf5 gxf5 35. gxf5 Rg7+ 36. Kh2 Rgf7 37. Rd2 Rxf5 38. Rg2+ Kh7 39. Re1 Rf2 40. a4 Rxg2+ 41. Kxg2 Rf2+ 42. Kh1 Rf3 43. axb5 axb5 44. Kg2 Rxb3 45. Re4 Kg6 46. h4 Kf5 47. Re1 Rb2+ 48. Kh1 Ra2 49. Rf1+ Kg4 50. h5 Ra1 51. Rxa1 Bxa1 52. h6 e4 53. Kg2 Bd4 54. Kf1 Kf3 55. h7 Bc3 56. Kg1 b4 57. Kf1 b3 58. Kg1 b2 59. Kh2 b1Q 60. h8Q Bxh8 61. Kh3 Qh1# 0-1

[Event "Kemerovo-ch op"]
[Site "Kemerovo"]
[Date "2012.03.06"]
[Round "2"]
[White "Zenkov, Gennadiy"]
[Black "Akentjev, Oleg"]
[Result "1/2-1/2"]
[WhiteElo "2037"]
[BlackElo "1842"]
[PlyCount "72"]
[EventDate "2012.03.04"]
[EventType "swiss"]
[EventRounds "9"]
[EventCountry "RUS"]
[SourceTitle "EXT 2014"]
[Source "ChessBase"]
[SourceDate "2013.11.20"]
[SourceVersion "1"]
[SourceVersionDate "2013.11.20"]
[SourceQuality "1"]

1. e4 Nc6 2. d4 e5 3. d5 Nce7 4. Nf3 Ng6 5. Bg5 Nf6 6. Bd3 Bc5 7. 0-0 0-0 8. Qd2 d6 9. h3 Bd7 10. a4 a5 11. Nc3 h6 12. Be3 Bxe3 13. Qxe3 Nh5 14. Ne2 Nhf4 15. Ng3 Qf6 16. Kh2 Nh4 17. Nxh4 Qxh4 18. Ne2 Nxd3 19. Qxd3 f5 20. Nc3 f4 21. Qf3 g5 22. g4 fxg3+ 23. Qxg3 Qh5 24. f3 Rf4 25. Kg2 Raf8 26. Rf2 Rh4 27. Rh1 Kh8 28. Rff1 Rf6 29. b3 Qg6 30. Nd1 c6 31. Ne3 Rhf4 32. Rf2 Kg7 33. Re1 Rh4 34. Rh1 Rhf4 35. Re1 Rh4 36. Rh1 Rhf4 1/2-1/2

[Event "Kuzbass-ch op"]
[Site "Kemerovo"]
[Date "2011.10.17"]
[Round "5"]
[White "Romanova, Anastasia"]
[Black "Zenkov, Gennadiy"]
[Result "0-1"]
[WhiteElo "1913"]
[BlackElo "2064"]
[PlyCount "126"]
[EventDate "2011.10.14"]
[EventType "swiss"]
[EventRounds "9"]
[EventCountry "RUS"]
[SourceTitle "EXT 2012"]
[Source "ChessBase"]
[SourceDate "2011.11.24"]
[SourceVersion "1"]
[SourceVersionDate "2011.11.24"]
[SourceQuality "1"]

1. Nf3 Nf6 2. c4 g6 3. d4 Bg7 4. g3 0-0 5. Bg2 d6 6. 0-0 Nbd7 7. Nc3 e5 8. e4 exd4 9. Nxd4 Nc5 10. h3 h6 11. Re1 Rb8 12. Rb1 Re8 13. b4 Ne6 14. Be3 Nxd4 15. Bxd4 b6 16. Qd2 Kh7 17. Rbd1 Be6 18. Nd5 c5 19. Nxf6+ Bxf6 20. Bxf6 Qxf6 21. Qxd6 Rbd8 22. Qc6 cxb4 23. e5 Rxd1 24. Rxd1 Qe7 25. Qb5 Rc8 26. Bf1 Qc5 27. Qa6 Rc7 28. Rd8 Qa5 29. Qxa5 bxa5 30. Rb8 a6 31. Rb6 Bxc4 32. Bxc4 Rxc4 33. Rxa6 Rc5 34. Ra7 Kg8 35. Ra8+ Kg7 36. Ra7 Kf8 37. Kg2 Rxe5 38. h4 h5 39. Kf3 Kg7 40. Ra6 Rf5+ 41. Kg2 Rc5 42. Kg1 Kf8 43. Ra7 Ke8 44. Kg2 Kd8 45. Kg1 f6 46. Ra6 Ke7 47. Kg2 g5 48. Kg1 gxh4 49. gxh4 Kf7 50. Kg2 Kg6 51. Kg1 Kf5 52. Kg2 Ke4 53. Kg1 f5 54. Rh6 Rc2 55. Rxh5 Rxa2 56. Rh7 b3 57. Rb7 a4 58. h5 Rd2 59. h6 Rd6 60. h7 Rh6 61. Rb5 Kd4 62. Rb6 Rxh7 63. Ra6 Kc3 0-1

[Event "Kuzbass-ch"]
[Site "Kemerovo"]
[Date "2010.10.29"]
[Round "8"]
[White "Zenkov, Gennadiy"]
[Black "Emeljashin, Yury"]
[Result "0-1"]
[WhiteElo "2059"]
[BlackElo "2065"]
[PlyCount "118"]
[EventDate "2010.10.23"]
[EventType "swiss"]
[EventRounds "9"]
[EventCountry "RUS"]
[SourceTitle "EXT 2011"]
[Source "ChessBase"]
[SourceDate "2010.11.26"]
[SourceVersion "1"]
[SourceVersionDate "2010.11.26"]
[SourceQuality "1"]

1. Nf3 Nf6 2. c4 e6 3. g3 d5 4. cxd5 exd5 5. Bg2 c6 6. 0-0 Bd6 7. b3 Bf5 8. Ba3 0-0 9. Bxd6 Qxd6 10. Nh4 Be4 11. Nf3 Re8 12. d3 Bg6 13. e3 Nbd7 14. Nh4 Bh5 15. Qd2 Qe5 16. d4 Qe6 17. Nc3 g5 18. Nf3 Qf5 19. Ne1 Ne4 20. Nxe4 dxe4 21. f3 exf3 22. Nxf3 Qb5 23. Rac1 Bg6 24. Rc3 h6 25. Ne1 Rad8 26. Qf2 Qb4 27. Rc4 Qe7 28. Rc3 Qb4 29. Qb2 Nb6 30. a3 Qd6 31. a4 Nd5 32. Bxd5 Qxd5 33. Qf2 Qa5 34. Qb2 Re6 35. Rc5 Qc7 36. Qf2 Qe7 37. Ng2 Be4 38. Rc3 Rd5 39. Ne1 Rf5 40. Qd2 Rxf1+ 41. Kxf1 Bd5 42. Kg1 Rf6 43. Qd3 Qe6 44. b4 b5 45. axb5 cxb5 46. Qd2 Qe4 47. Ng2 Bc4 48. Rc1 Ra6 49. Ne1 Bd5 50. Rc8+ Kg7 51. Qg2 Qxe3+ 52. Qf2 Qe4 53. Kf1 Qh1+ 54. Ke2 Ra2+ 55. Rc2 Qe4+ 56. Kd2 Ra3 57. Rc3 Ra2+ 58. Nc2 Bb3 59. Kc1 Qh1+ 0-1

[Event "Kemerovo op"]
[Site "Kemerovo"]
[Date "2009.10.18"]
[Round "3"]
[White "Grishenko, Vladimir"]
[Black "Zenkov, Gennadiy"]
[Result "1-0"]
[WhiteElo "2233"]
[BlackElo "2092"]
[PlyCount "117"]
[EventDate "2009.10.16"]
[EventType "swiss"]
[EventRounds "9"]
[EventCountry "RUS"]
[SourceTitle "EXT 2010"]
[Source "ChessBase"]
[SourceDate "2010.11.25"]
[SourceVersion "1"]
[SourceVersionDate "2010.11.25"]
[SourceQuality "1"]

1. Nf3 Nf6 2. c4 g6 3. Nc3 Bg7 4. e4 d6 5. d4 a5 6. Be2 Na6 7. 0-0 0-0 8. Bg5 h6 9. Bh4 g5 10. Bg3 Nh5 11. Qd2 Nxg3 12. hxg3 e5 13. dxe5 Bxe5 14. Nh2 Nc5 15. Bf3 Be6 16. Nd5 Bg7 17. Rfe1 a4 18. Rab1 Qd7 19. Ne3 Rab8 20. b4 axb3 21. axb3 Ra8 22. b4 Na4 23. Rec1 Ra7 24. Bg4 Rfa8 25. Nf5 Nb6 26. Nxg7 Kxg7 27. Qd4+ f6 28. f3 Ra2 29. Rb2 Ra1 30. Rbc2 Rxc1+ 31. Rxc1 Nc8 32. c5 Ne7 33. cxd6 Nc6 34. Qc3 cxd6 35. b5 Ne7 36. Qd4 Rc8 37. Rd1 Rd8 38. Qb6 Nc8 39. Qa5 b6 40. Qc3 Ne7 41. Qd4 Nc8 42. Bxe6 Qxe6 43. Ng4 h5 44. Ne3 Qe5 45. Nf5+ Kg6 46. Qd3 Qc5+ 47. Kh1 Qe5 48. Rc1 Ne7 49. Nxe7+ Qxe7 50. Qd4 h4 51. g4 h3 52. gxh3 d5 53. exd5 Qa3 54. Rf1 Qb3 55. Qe4+ Kh6 56. Qe7 Rxd5 57. Qxf6+ Kh7 58. Qf7+ Kh6 59. Re1 1-0

[Event "Kuzbass-ch op"]
[Site "Kemerovo"]
[Date "2008.11.17"]
[Round "5"]
[White "Zenkov, Gennadiy"]
[Black "Pavlovskiy, Pavel"]
[Result "0-1"]
[WhiteElo "2085"]
[BlackElo "2077"]
[PlyCount "81"]
[EventDate "2008.11.14"]
[EventType "swiss"]
[EventRounds "9"]
[EventCountry "RUS"]
[SourceTitle "EXT 2022"]
[Source "ChessBase"]
[SourceDate "2021.10.06"]
[SourceVersion "1"]
[SourceVersionDate "2021.10.06"]
[SourceQuality "1"]

1. e4 e6 2. d4 d5 3. Nc3 Nf6 4. e5 Nfd7 5. f4 c5 6. Nf3 Nc6 7. Be3 cxd4 8. Nxd4 Bc5 9. Qd2 a6 10. Be2 Nxd4 11. Bxd4 b5 12. Bxc5 Nxc5 13. Qd4 Qb6 14. b4 Nd7 15. Qxb6 Nxb6 16. a4 d4 17. Bf3 dxc3 18. Bxa8 Nxa8 19. axb5 Nc7 20. bxa6 Bxa6 21. Kf2 0-0 22. Rhd1 Bb5 23. Rd6 Rb8 24. Ra7 Ne8 25. Rd4 g6 26. Ra3 Rc8 27. Ra5 Nc7 28. g3 Rb8 29. g4 Nd5 30. f5 Be8 31. fxe6 fxe6 32. Rc5 Ba4 33. Rdc4 Rb7 34. Ra5 Bxc2 35. Ra8+ Kg7 36. g5 Bf5 37. Ke1 Nb6 38. Rac8 Nxc4 39. Rxc4 c2 40. b5 Rxb5 41. Rc7+ 0-1

[Event "SFR-ch Seniors"]
[Site "Novosibirsk"]
[Date "2008.10.12"]
[Round "5"]
[White "Zenkov, Gennadiy"]
[Black "Chesnokov, Gennady"]
[Result "1-0"]
[WhiteElo "2085"]
[BlackElo "2020"]
[PlyCount "133"]
[EventDate "2008.10.08"]
[EventType "swiss"]
[EventRounds "9"]
[EventCountry "RUS"]
[SourceTitle "EXT 2022"]
[Source "ChessBase"]
[SourceDate "2021.10.06"]
[SourceVersion "1"]
[SourceVersionDate "2021.10.06"]
[SourceQuality "1"]

1. e4 c6 2. d4 d5 3. Nc3 g6 4. Nf3 Bg7 5. exd5 cxd5 6. Bb5+ Bd7 7. Qe2 Nf6 8. 0-0 0-0 9. Re1 Re8 10. Ne5 a6 11. Bxd7 Nbxd7 12. f4 e6 13. Be3 b5 14. a3 Nb6 15. Rad1 Nc4 16. Bc1 Nd6 17. Ng4 Nfe4 18. Nxe4 Nxe4 19. Nf2 f5 20. Nxe4 dxe4 21. c3 Qd5 22. Be3 a5 23. Rc1 Qc4 24. Qxc4 bxc4 25. a4 Rab8 26. Rc2 Kf7 27. Bc1 Bf6 28. Rd1 Red8 29. Rcd2 Rd5 30. Re1 h6 31. Rde2 g5 32. g3 Rg8 33. Rg2 h5 34. Be3 gxf4 35. gxf4 Rxg2+ 36. Kxg2 Rd8 37. Rd1 Rg8+ 38. Kf1 Rb8 39. Bc1 Rd8 40. Ke2 Rg8 41. Kf2 Bh4+ 42. Kf1 Bd8 43. Be3 Bb6 44. Rb1 Rg4 45. Kf2 h4 46. Rg1 Kg6 47. h3 Rxg1 48. Kxg1 Kf6 49. Bf2 Kg6 50. Bxh4 Kh5 51. Bf2 Bc7 52. Bg3 Bd8 53. Bf2 Bh4 54. Be3 Bg3 55. Bd2 Bh4 56. Kg2 Kg6 57. Be3 Be1 58. d5 exd5 59. Bb6 Bd2 60. Kg3 e3 61. Kf3 Kh5 62. Bxa5 d4 63. Bb6 dxc3 64. bxc3 Bxc3 65. Kxe3 Kh4 66. a5 Kg3 67. a6 1-0

[Event "Kemerovo-ch Seniors"]
[Site "Kemerovo"]
[Date "2008.05.19"]
[Round "7"]
[White "Volchikhin, Igor"]
[Black "Zenkov, Gennadiy"]
[Result "1-0"]
[WhiteElo "2287"]
[BlackElo "2094"]
[PlyCount "76"]
[EventDate "2008.05.13"]
[EventType "tourn"]
[EventRounds "11"]
[EventCountry "RUS"]
[SourceTitle "EXT 2022"]
[Source "ChessBase"]
[SourceDate "2021.10.06"]
[SourceVersion "1"]
[SourceVersionDate "2021.10.06"]
[SourceQuality "1"]

1. e4 g6 2. Nc3 Bg7 3. d3 c6 4. Nf3 d5 5. Bd2 d4 6. Ne2 e5 7. g3 Bg4 8. Bg2 Nd7 9. h3 Bxf3 10. Bxf3 Qb6 11. b4 Ngf6 12. 0-0 0-0 13. Bg2 Rac8 14. f4 Nh5 15. g4 Nxf4 16. Nxf4 exf4 17. Bxf4 Ne5 18. Qe1 Qd8 19. Qg3 Qe7 20. h4 c5 21. bxc5 Rxc5 22. Rf2 Rfc8 23. c4 b5 24. cxb5 Rxb5 25. g5 Rc3 26. Bf1 a5 27. Bd2 Rc2 28. Be1 Rxf2 29. Bxf2 Qc5 30. Qf4 Rb2 31. Kg2 Qc8 32. a4 Qg4+ 33. Qg3 Qd7 34. Kg1 Ng4 35. Bh3 Be5 36. Qxg4 Qd6 37. Qf3 Bf4 38. Bf1 Be3 1-0

[Event "Kemerovo-ch Seniors"]
[Site "Kemerovo"]
[Date "2008.05.13"]
[Round "1"]
[White "Zenkov, Gennadiy"]
[Black "Kuznetsov, Petr"]
[Result "1-0"]
[WhiteElo "2094"]
[BlackElo "2047"]
[PlyCount "89"]
[EventDate "2008.05.13"]
[EventType "tourn"]
[EventRounds "11"]
[EventCountry "RUS"]
[SourceTitle "EXT 2022"]
[Source "ChessBase"]
[SourceDate "2021.10.06"]
[SourceVersion "1"]
[SourceVersionDate "2021.10.06"]
[SourceQuality "1"]

1. Nf3 f5 2. d3 Nf6 3. Nbd2 d6 4. e4 e5 5. c3 Be7 6. Be2 0-0 7. exf5 Bxf5 8. Qb3+ Kh8 9. Qxb7 Nbd7 10. Qb3 Nc5 11. Qc2 e4 12. dxe4 Nfxe4 13. Nxe4 Bxe4 14. Qd1 a5 15. 0-0 Qd7 16. Nd4 Bf6 17. Be3 Qf7 18. Bh5 Qd5 19. Bf3 Be5 20. Bxe4 Qxe4 21. Qc2 Qg4 22. h3 Qh5 23. Nc6 Bf4 24. Bxf4 Rxf4 25. Rae1 Raf8 26. Nd4 Rh4 27. Re3 g5 28. g4 Rxg4+ 29. hxg4 Qxg4+ 30. Rg3 Qf4 31. Ne2 Qe5 32. Rh3 Ne4 33. Ng3 d5 34. Nxe4 dxe4 35. Re1 Rf4 36. Ree3 g4 37. Rhg3 h5 38. Qd2 Qf6 39. Qd4 Kg7 40. Qxf6+ Kxf6 41. Re2 h4 42. Rge3 Ke5 43. b3 c5 44. Kg2 Kf5 45. a3 1-0